Top 10 países más poblados de África - Estadísticas

Estadísticas generales
  • Esta prueba ha sido intentada 7.737 veces
  • La puntuación promedio es 9 de 10
Estadísticas de respuestas
Población País % Correcto
65,0 millones Sudáfrica
97%
119 millones Egipto
96%
239 millones Nigeria
96%
114 millones República Democrática del Congo
95%
47,7 millones Argelia
88%
137 millones Etiopía
87%
52,3 millones Sudán
83%
58,0 millones Kenia
81%
71,3 millones Tanzania
78%
51,9 millones Uganda
54%
No se encontraron pruebas coincidentes
Distribución de puntuación
Porcentaje de gente con cada puntuación
Porcentaje por número respondido
Historial de tus puntuaciones
No has intentado esta prueba.